000 00840nam a22002177a 4500
005 20240530110919.0
008 220221s2007 ua a g b 000 0 ara d
020 _a9789953872049
040 _aEG-CaGPL
_cEG-CaGPL
082 0 4 _221
_a330.122\
_bف ر
100 1 _aفلورباييه ، مارك
245 1 2 _aالراسمالية ام الديمقراطية :
_bخيار القرن الواحد والعشرين /
_cتاليف مارك فلورباييه ؛ ترجمة عاطف المولى
250 _aط.1
260 _aبيروت :
_bالدار العربية للعلوم ناشرون،
_c2008
300 _a103 ص. ؛
_c24 سم.
650 0 7 _aالراسمالية
650 0 7 _aالديمقراطية
700 0 _aعاطف المولى
_eمترجم
942 _2ddc
_cBK
999 _c66456
_d66456